| 000 | 00604nam a2200205 i 4500 | ||
|---|---|---|---|
| 001 | bg | ||
| 100 | 1 | _aBRODOWICZ, Wacław | |
| 245 | 1 | 0 |
_aSkrawanie i narzędzia : _bpodręcznik dla technikum / _cWacław Brodowicz. |
| 260 |
_aWarszawa : _bWydawnictwa Szkolne i Pedagogiczne, _c1995. |
||
| 300 |
_a551 s. : _b2 fot., rys., wykr. ; _c24 cm. |
||
| 650 | 9 |
_aSkrawanie _xnarzędzia i maszyny |
|
| 655 | _aPodręczniki szkolne | ||
| 020 | _a8302038474 | ||
| 040 | _cBPK | ||
| 041 | 0 | _apl | |
| 080 | _a621.9(075.3) | ||
| 920 | _a83-02-03847-4 | ||
| 942 | _cKS | ||
| 008 | s pl f |000 0 pol | ||
| 999 |
_c31965 _d31965 |
||
| 856 |
_uhttp://koha.tu.koszalin.pl/cgi-bin/koha/opac-detail.pl?biblionumber=31965 _yKatalog online BPK |
||